| 000 | 00741cab a2200253 4500 | ||
|---|---|---|---|
| 001 | WB3332-25 | ||
| 008 | 090401t1997 xxu||||| |||| 00| 0 eng d | ||
| 035 | _a(Sirsi) u80229 | ||
| 041 | _aeng | ||
| 245 | _aHow developers win consent | ||
| 260 | _c1997 | ||
| 350 | _a0 | ||
| 490 |
_aTimes _v13 August 1997, 37(1) |
||
| 520 | _aExplains how the best way to receive planning consent in sensitive areas is to discuss the development with local residents. | ||
| 650 | _aDEVELOPERS | ||
| 650 | _aHISTORIC TOWNS | ||
| 650 | _aPLANNING CONSENT | ||
| 650 | _aPROPERTY DEVELOPMENT | ||
| 650 | _aPUBLIC PARTICIPATION | ||
| 650 | _aRESIDENTIAL DEVELOPMENT | ||
| 690 | _aPLANNING LAW AND PRACTICE | ||
| 942 | _n0 | ||
| 948 | _c13/08/1997 | ||
| 999 |
_c50500 _d50500 |
||